LEADER 00860nam0-2200289 --450 001 9910312050103321 005 20190325120328.0 010 $a978-88-99559-12-0 020 $aIT$b2018-749 100 $a20190325d2017----kmuy0itay5050 ba 101 0 $aita 102 $aIT 105 $a 001yy 200 1 $aHollywood men$eimmagine, mascolinità e performance nel cinema americano contemporaneo$fa cura di Alberto Scandola 210 $aTorino$cKaplan$d2017 215 $a229 p.$cill.$d21 cm 225 1 $aActors studio 610 0 $aCinema americano$aTemi [:] Mascolinità$a1970-2016 676 $a791.43653$v23 702 1$aScandola,$bAlberto 801 0$aIT$bUNINA$gREICAT$2UNIMARC 901 $aBK 912 $a9910312050103321 952 $a791.43 SCA 1$bBibl 2019$fFLFBC 959 $aFLFBC 996 $aHollywood men$91548801 997 $aUNINA